| 000 | 00644nam a22001337a 4500 | ||
|---|---|---|---|
| 040 | _cRUA | ||
| 082 | _aAGR MEA 2013 B054 Or.1 | ||
| 100 | _aMEAS, SOTHEA. | ||
| 245 | _aComparison of different types of fertilizer on the growth and yield of cucumber (Cucummis sativus L.) ប្រៀបធៀបប្រភេទជីផ្សេងៗគ្នាទៅលើការលូតលាស់ និងទិន្នផលដំណាំត្រសក់ | ||
| 260 |
_aPhnom Penh _bRUA _c2013 |
||
| 300 |
_aix; 36p. _bill. _c29cm. |
||
| 856 | _uhttps://drive.google.com/file/d/1PTMicq1OkizEqt2Z7LDSzuCdqyUstXrr/view?usp=sharing | ||
| 942 | _cAGR | ||
| 999 |
_c1268 _d1268 |
||